| Tag |
First Indicator |
Second Indicator |
Subfields |
| LEADER |
00000cam a2200000 a 4500 |
| 001 |
in00000025979 |
| 005 |
20151007055747.0 |
| 008 |
870529s1988 ilua b 00110 eng |
| 010 |
|
|
|a 87016786
|
| 020 |
|
|
|a 0226724565
|
| 020 |
|
|
|a 0226724573 (pbk.)
|
| 035 |
|
|
|a (OCoLC)16082955
|
| 035 |
|
|
|9 AAB9191AM
|
| 040 |
|
|
|a DLC
|c DLC
|d TXA
|d UtOrBLW
|
| 049 |
|
|
|a TXAM
|c [A11649107]
|
| 050 |
0 |
0 |
|a QB464
|b .R65 1988
|
| 082 |
0 |
|
|a 523.01
|2 19
|
| 100 |
1 |
|
|a Rolfs, Claus E.
|
| 245 |
1 |
0 |
|a Cauldrons in the cosmos :
|b nuclear astrophysics /
|c Claus E. Rolfs and William S. Rodney ; with a foreword by William A. Fowler.
|
| 264 |
|
1 |
|a Chicago :
|b University of Chicago Press,
|c 1988.
|
| 300 |
|
|
|a xviii, 561 pages :
|b illustrations ;
|c 25 cm.
|
| 336 |
|
|
|a text
|b txt
|2 rdacontent
|
| 337 |
|
|
|a unmediated
|b n
|2 rdamedia
|
| 338 |
|
|
|a volume
|b nc
|2 rdacarrier
|
| 490 |
1 |
|
|a Theoretical astrophysics
|
| 504 |
|
|
|a Bibliography: pages 523-549.
|
| 500 |
|
|
|a Includes index.
|
| 650 |
|
0 |
|a Nuclear astrophysics.
|
| 700 |
1 |
|
|a Rodney, William S.
|
| 830 |
|
0 |
|a Theoretical astrophysics.
|
| 999 |
|
|
|a MARS
|
| 999 |
f |
f |
|s 64c6adc6-7576-38df-85e8-67a107ee57e0
|i d4c70b97-c08d-3f26-a1da-ac22dcf545f0
|t 0
|
| 952 |
f |
f |
|p normal
|a Texas A&M University
|b College Station
|c Sterling C. Evans Library
|d Evans: Library Stacks
|t 0
|e QB464 .R65 1988
|h Library of Congress classification
|i unmediated -- volume
|m A14828851985
|
| 998 |
f |
f |
|a QB464 .R65 1988
|t 0
|l Evans: Library Stacks
|